Ricostruisci la Carriera del Calciatore - Francesco Coco - Statistics

Statistiche generali
  • Questo quiz è stato fatto 4 volte
  • Il punteggio medio è 6 su 10
Statistiche sulle risposte
Hint Risposta % Corretto
2001-2002 Barcellona
100%
2002-2005 Inter
100%
2005-2006 Livorno
100%
2007 Torino
100%
1998-1999 Milan
50%
2000-2001 Milan
50%
1999-2000 Torino
50%
1997-1998 Vicenza
50%
2006-2007 Inter
0%
1995-1997 Milan
0%
Nessun quiz corrispondente trovato
Distribuzione punteggi
Percentuale di utenti per punteggio
Percentile per numero di risposta
I tuoi punteggi nel tempo
Non hai fatto questo quiz